=LDR 00000nam 2200000 4500 =001 INLIS000000000049566 =005 20250207040946 =035 ##$$a 0010-031700000000011 =008 250207################g##########0#ind## =020 ##$$a 978-602-255-635-0 =040 ##$$a NBPDMAT =082 ##$$a R. 307.202 6 =090 ##$$a R.307.202 6 $bInd h =100 ##$$a Indonesia =245 1#$$a Himpunan lengkap Undang-undang Tentang Desa =250 ##$$a Cet. 1 =260 ##$$a Yogyakarta :$b Saufa,$c 2014 =300 ##$$a 220 hlm. ; $c 20 x 14 cm =650 #4$$a Desa - Undang-undang dan Peraturan =850 ##$$a NBPDMAT =084 ##$$a R. 307.202 6 IND h =990 ##$$a 21606189 =990 ##$$a 21606190 =990 ##$$a 21606190 =990 ##$$a 21606189 =990 ##$$a 21606189 =990 ##$$a 21606190